000 00724nam a2200253 i 4500
001 C2-0313493
003 PPAK
005 20180728105217.0
008 111117s2011 my a|||| ||||| | may d
020 _a9789673690640
040 _aPPAK
_beng
_cPPAK
_erda
082 0 4 _a899.233
_223
090 0 0 _a899.233
_bSYA
_dG
100 0 _aSyarafuddin Sulaiman,
_eauthor
245 1 0 _aMisi kami
264 1 _aBatu Caves, Selangor :
_bPTS Professional Publishing Sdn. Bhd. ,
_c2011
300 _a198 pages :
_billustrations ;
_c19 cm
336 _2rdacontent
_atext
337 _2rdamedia
_aunmediated
338 _2rdacarrier
_avolume
650 1 0 _aMalay fiction.
700 0 _aNurismaliza Ismail,
_eeditor
942 _ddc
_cB
999 _c115207
_d115207